00429nam a2200169Ia 4500008004100000020001800041041000800059082001600067100001500083245002400098250000800122260006700130300000800197365001400205650001600219650002400235140306s9999 xx 000 0 und d a9780070599468 aeng a519bBER/BU aBerry, G.C aBusiness Statistics a2nd aNew DelhibTata Mc Graw -Hill Publishing Company Limitedc2008 a728 bRs. 335/- aProbability aRegression Analysis